000 00382nam a2200169Ia 4500
003 0100
008 130303s9999 xx 000 0 und d
040 _cARRUPELIB
050 _aBR305.2.H531973
100 _aHillerbrand, Hans J
245 4 _aThe world of the reformation
260 _aMichigan
260 _bBaker Book House
260 _C1973
300 _a229p
942 0 0 _02
999 _c31489
_d31489